00359nam a2200133Ia 4500003000400000005001700004008004100021040001800062082002000080100002100100245005700121260003800178300000900216OSt20200606120045.0190216s9999||||xx |||||||||||||| ||und|| cMESKC library a891.4309bPAN/H aPandey, Sudhakar 0aHindi Sahithya Ka Brehath Ithihas /cSudhakar Pandey bNagariprajarini Sabha,aVaranasi: a606p